Basic machine shop practice V.2 (Record no. 161470)

MARC details
000 -LEADER
fixed length control field 00319nam a2200133Ia 4500
008 - FIXED-LENGTH DATA ELEMENTS--GENERAL INFORMATION
fixed length control field 231217s9999 xx 000 0 und d
041 ## - LANGUAGE CODE
Language code of text/sound track or separate title English
082 ## - DEWEY DECIMAL CLASSIFICATION NUMBER
Classification number 670.423 TEJ.2;1
100 ## - MAIN ENTRY--PERSONAL NAME
Personal name Tejwani, V K.
245 #0 - TITLE STATEMENT
Title Basic machine shop practice V.2
260 ## - PUBLICATION, DISTRIBUTION, ETC.
Date of publication, distribution, etc. 1989
Name of publisher, distributor, etc. McGraw-Hill,
300 ## - PHYSICAL DESCRIPTION
Extent 254
942 ## - ADDED ENTRY ELEMENTS (KOHA)
Koha item type Books
Holdings
Date last seen Total checkouts Full call number Accession number Cost, total (INR) price Price effective from Category Lost status Damaged status Department Withdrawn status Home library Current library Entry date Vendor Cost, normal purchase price Grants Billnumber Billdate Currency symbol Conversion rate Discount Old discount
26/01/2024   670.423 TEJ.2;1 2597 33.15 26/01/2024 Books     Central Library   Central Library Central Library 16/08/1990 BBB 39.00 ME 441 01/08/1991 RS 1 5.85 15

© For any Suggestions or Query, please contact the library staff @ librarian@pes.edu or Phone: +9180 2672 1983/ 2108.